Las Cuatro Después de la Medianoche / Stephen King; Susana Constante, traductora

Libro de ficción terrorífica que recopila cuatro historias cortas, las cuales tienen como protagonistas a un piloto de avión que debe de realizar un aterrizaje forzoso en un lugar despoblado, a un escritor que plagió un relato , un joven que adquiere una misteriosa cámara fotográfica y un “policía d...

詳細記述

保存先:
書誌詳細
第一著者: King, Stephen
フォーマット: 図書
言語:Spanish
出版事項: Barcelona, España Penguin Random House Grupo Editorial 2015
版:Tercera edición
主題:
タグ: タグ追加
タグなし, このレコードへの初めてのタグを付けませんか!

MARC

LEADER 00000nam a2200000Ia 4500
008 170316s9999 xx 000 0 spa d
040 |a cru BVZT 
090 |a 810 K-17c 
100 |a King, Stephen 
245 |a Las Cuatro Después de la Medianoche / Stephen King; Susana Constante, traductora 
250 |a Tercera edición 
260 |a Barcelona, España  |b Penguin Random House Grupo Editorial  |c 2015 
300 |a 494 páginas 
520 |a Libro de ficción terrorífica que recopila cuatro historias cortas, las cuales tienen como protagonistas a un piloto de avión que debe de realizar un aterrizaje forzoso en un lugar despoblado, a un escritor que plagió un relato , un joven que adquiere una misteriosa cámara fotográfica y un “policía de biblioteca” que castiga a todo niño que no devuelve sus libros a tiempo.Las Cuatro Después de la Medianoche, escrito originalmente en 1990 por Stephen King, ha tenido una gran popularidad no solo en el mundo literario sino que dos de sus historias han sido adaptadas para formar parte de la pantalla grande. 
650 |a LITERATURA ESTADOUNIDENSE  |9 25 
650 |a EN IDIOMA ESPAÑOL 
650 |a NOVELA  |9 13 
999 |c 5812  |d 5812 
942 |c LIB  |h 810 K-17c  |2 z